SCP quiz pt. 1 - Statistics

General Stats
  • This quiz has been taken 20 times
  • The average score is 7 of 99
Answer Stats
Number Name % Correct
096 The Shy Guy
94%
002 The Living Room
59%
049 Plague Doctor
53%
076 Able
47%
073 Cain
41%
079 Old AI
29%
009 Red Ice
29%
005 Skeleton Key
29%
008 Zombie Plague
24%
006 Fountain of Youth
18%
035 Possessive Mask
18%
055 [Unknown]
18%
003 Biological Motherboard
12%
023 Black Shuck
12%
010 Collars of Control
12%
024 Game Show of Death
12%
058 Heart of Darkness
12%
093 Red Sea Object
12%
048 The Cursed SCP Number
12%
087 The Stairwell
12%
054 Water Nymph
12%
031 What is Love?
12%
012 A Bad Composition
6%
007 Abdominal Planet
6%
083 An Abandoned Row Home
6%
032 Brothers' Bride
6%
075 Corrosive Snail
6%
066 Eric's Toy
6%
082 Fernand the Cannibal
6%
070 Iron Wings
6%
100 Jamaican Joe's Junkyard Jubilee
6%
015 Pipe Nightmare
6%
074 Quantum Woodlouse
6%
011 Sentient Civil War Memorial Statue
6%
017 Shadow Person
6%
021 Skin Wyrm
6%
081 Spontaneous Combustion Virus
6%
018 Super Ball
6%
098 Surgeon Crabs
6%
004 The 12 Rusty Keys and the Door
6%
067 The Artist's Pen
6%
014 The Concrete Man
6%
088 The Lizard King
6%
033 The Missing Number
6%
099 The Portrait
6%
027 The Vermin God
6%
050 To The Cleverest
6%
020 Unseen Mold
6%
053 Young Girl
6%
056 A Beautiful Person
0%
042 A Formally Winged Horse
0%
026 Afterschool Retention
0%
090 Apocorubik's Cube
0%
045 Atmospheric Convertor
0%
061 Auditory Mind Control
0%
025 A Well-Worn Wardrobe
0%
013 Blue Lady Cigarettes
0%
080 Dark Form
0%
029 Daughter of Shadows
0%
071 Degenerative Metamorphic Entity
0%
065 Destroyed Organic Catalyst
0%
037 Dwarf Star
0%
040 Evolution's Child
0%
064 Flawed Von Neumann Structure
0%
078 Gulit
0%
085 Hand-Drawn Cassy
0%
060 Infernal Occult Skeleton
0%
051 Japanese Obstetrical Model
0%
028 Knowledge
0%
047 Microbial Mutagen
0%
094 Miniature Event Horizon
0%
039 Monkey Brain
0%
091 Nostalgia
0%
034 Obsidian Ritual Knife
0%
097 Old Fairgrounds
0%
046 Predatory Holly Bush
0%
062 Quantum Computer
0%
059 Radioactive Material
0%
077 Rot Skull
0%
069 Second Chance
0%
016 Sentient Micro-organism
0%
084 Static Tower
0%
095 The Atomic Adventures of Ronnie Ray-Gun
0%
043 The Beatle
0%
092 The Best of The 5th Dimension
0%
057 The Daily Grind
0%
038 The Everything Tree
0%
072 The Foot of the Bed
0%
030 The Homunculus
0%
019 The Monster Pot
0%
022 The Morgue
0%
086 The Office of Dr. [REDACTED]
0%
036 The Reincarnation Pilgrimage of the Yazidi
0%
068 The Wire Figure
0%
063 The World's Best Tothbrush
0%
041 Thought-Broadcasting Patient
0%
052 Time-Traveling Train
0%
089 Tophet
0%
044 World War II Era Molecular-Fission Cannon
0%
No matching quizzes found
Score Distribution
Percent of People with Each Score
Percentile by Number Answered
Your Score History
You have not taken this quiz